Inglés elemental : (Record no. 208448)

MARC details
000 -CABECERA
campo de control de longitud fija 00727nam a2200205 a 4500
003 - IDENTIFICADOR DEL NÚMERO DE CONTROL
campo de control MX-MxUPN
005 - FECHA Y HORA DE LA ÚLTIMA TRANSACCIÓN
campo de control 20240614063746.0
008 - ELEMENTOS DE LONGITUD FIJA--INFORMACIÓN GENERAL
campo de control de longitud fija 220509s1946 mx a||||r|||| 000 0 mul d
040 ## - FUENTE DE LA CATALOGACIÓN
Centro catalogador/agencia de origen MX-MxUPN
Lengua de catalogación spa
Centro/agencia transcriptor MX-MxUPN
041 0# - CÓDIGO DE IDIOMA
Código de lengua del texto/banda sonora o título independiente eng
-- spa
050 #4 - SIGNATURA TOPOGRÁFICA DE LA BIBLIOTECA DEL CONGRESO
Número de clasificación LB1631 M6.1
Número de documento/Ítem P5.3 1946
100 1# - ASIENTO PRINCIPAL--NOMBRE PERSONAL
Nombre de persona Picazo de Murray, Elena
9 (RLIN) 29578
245 10 - MENCIÓN DE TÍTULO
Título Inglés elemental :
Resto del título libro primero /
Mención de responsabilidad, etc. Elena Picazo de Murray y Paul V. Murray.
260 ## - PUBLICACIÓN, DISTRIBUCIÓN, ETC.
Lugar de publicación, distribución, etc. México, D.F. :
Nombre del editor, distribuidor, etc. Imp. Aldina, Robredo y Rosell,
Fecha de publicación, distribución, etc. 1946.
300 ## - DESCRIPCIÓN FÍSICA
Extensión 204 páginas :
Otras características físicas ilustraciones.
650 #4 - ASIENTO SECUNDARIO DE MATERIA - TERMINO TEMATICO
Término de materia o nombre geográfico como elemento de entrada Inglés
Subdivisión general Estudio y enseñanza (Secundaria)
9 (RLIN) 5708
650 #4 - ASIENTO SECUNDARIO DE MATERIA - TERMINO TEMATICO
Término de materia o nombre geográfico como elemento de entrada Inglés
Subdivisión de forma Libros de texto para extranjeros
9 (RLIN) 9168
700 1# - ASIENTO SECUNDARIO--NOMBRE DE PERSONAL
Nombre de persona Murray, Paul V.
9 (RLIN) 29699
Término indicativo de función/relación coaut.
942 ## - ELEMENTOS DE PUNTO DE ACCESO ADICIONAL (KOHA)
Fuente del sistema de clasificación o colocación Library of Congress Classification
Tipo de ítem Koha Libro
Holdings
Estado de retiro Estado de pérdida Fuente del sistema de clasificación o colocación Estado dañado No para préstamo Código de colección Localización permanente Ubicación/localización actual Ubicación en estantería Fecha de adquisición Clasificación Código de barras Fecha visto por última vez Precio válido a partir de Tipo de ítem Koha
    Library of Congress Classification   Disponible (Préstamo en sala) Libros de texto Bib. Gregorio Torres Quintero Bib. Gregorio Torres Quintero Colecciones especiales Planta alta 09/05/2022 LB1631 M6.1 P5.3 1946 46398 09/05/2022 09/05/2022 Libro